ارمغان حجاز ;; Armagan Hejaz / (Record no. 37940)
[ view plain ]
| 000 -LEADER | |
|---|---|
| fixed length control field | 00771nam a2200217 a 4500 |
| 001 - CONTROL NUMBER | |
| control field | 37940 |
| 003 - CONTROL NUMBER IDENTIFIER | |
| rucl marc code | BD-RjUL |
| 005 - DATE AND TIME OF LATEST TRANSACTION | |
| control field | 20211218114009.0 |
| 008 - FIXED-LENGTH DATA ELEMENTS--GENERAL INFORMATION | |
| fixed length control field | 211218s1964 pk |||||||||||||||||per d |
| 035 ## - SYSTEM CONTROL NUMBER | |
| System control number | (BD-RjUL) 37940 |
| 040 ## - CATALOGING SOURCE | |
| Original cataloging agency | NNL |
| Language of cataloging | eng |
| Transcribing agency | BD-RjUL |
| 041 0# - LANGUAGE CODE | |
| Language code of text/sound track or separate title | per |
| 082 ## - DEWEY DECIMAL CLASSIFICATION NUMBER | |
| Edition number | 23 |
| Classification number | 891.551 |
| Author mark and year | IQA 1964 |
| 100 1# - MAIN ENTRY--PERSONAL NAME | |
| Personal name | Iqbal, Muhammad, ;; اقبال، محمّد، |
| 9 (RLIN) | 229 |
| Dates associated with a name | 1877-1938 |
| 245 ## - TITLE STATEMENT | |
| Title | ارمغان حجاز ;; Armagan Hejaz / |
| Statement of responsibility, etc. | محمّد اقبال ;; Muhammad Iqbal |
| 250 ## - EDITION STATEMENT | |
| Edition statement | Eighth ed. ;; طبع هشتم |
| 260 ## - PUBLICATION, DISTRIBUTION, ETC. (IMPRINT) | |
| Place of publication, distribution, etc. | لاهور ;; Lahore : |
| Name of publisher, distributor, etc. | شيخ غلام على, ;; Shaik̲h̲ G̲h̲ulām ʻAlī, |
| Date of publication, distribution, etc. | 1964 ;; ۱۹۶۴ |
| 300 ## - PHYSICAL DESCRIPTION | |
| Pagination | 280 p. ; ص. |
| Size | 19 cm |
| 650 ## - SUBJECT ADDED ENTRY--TOPICAL TERM | |
| Topical term or geographic name as entry element | Persian Poetry ;; پارسیان پتری |
| 9 (RLIN) | 230 |
| 942 ## - ADDED ENTRY ELEMENTS (KOHA) | |
| Source of classification or shelving scheme | Dewey Decimal Classification |
| Koha item type | Books |
| Lost status | Source of classification or shelving scheme | Damaged status | Not for loan | Collection code | Permanent Location | Current Location | Shelving location | Date acquired | Source of acquisition | Cost, normal purchase price | Total Checkouts | Full call number | Date last seen | Copy number | Koha item type |
|---|---|---|---|---|---|---|---|---|---|---|---|---|---|---|---|
| Dewey Decimal Classification | Not For Loan | Non-fiction | Central Library, University of Rajshahi | Central Library, University of Rajshahi | Reading Room | 23/02/1967 | Sh. Mubarak Ali | 4.50 | F 891.551 IQA 1964 | 18/12/2021 | C-1 | Books |